000
00295nam a2200121Ia 4500
008
220204s9999 xx 000 0 und d
082
_a
028.289583
_b
HOR
100
_a
Horer, Oswald L
245
0
_a
Structure of biopolymers
260
_a
Kent
_b
Abacus
_c
1970
650
_a
Biopolymers
942
_c
BK
999
_c
31990
_d
31990